000 00415nam a2200157 i 4500
001 74786
003 ES-MaACL
005 20230906172238.0
007 t|
008 040921s1972 sp ||||1| spa d
100 1 _aGracia Planas, Vicente.
_959473
245 1 3 _aEl calcetín /
_cVicente Gracia Planas.
260 _aMadrid :
_bEspejo,
_c1972.
300 _a131 p. ;
_c18 cm.
852 _aES-MaACL
_jC-52758
_bR.82348
999 _c74786
_d74786